000
00333 a2200145 4500
020
_a
2-04-012010-6
040
_a
ISPLB
082
_a
72
_b
72
100
_9
1191
_a
MASSU ,Claude
245
_a
L architecture de l lecole de Chicago
260
_a
Paris ,
_b
Bordas
_c
1981.
300
_a
163p
650
_a
Arquitectura
942
_c
Livros
999
_c
2364
_d
2364